Electronic devices and circuits, Vol 1 / (Record no. 10669)
[ view plain ]
| 000 -LEADER | |
|---|---|
| fixed length control field | 00370cam a2200145ua 4500 |
| 003 - CONTROL NUMBER IDENTIFIER | |
| control field | OSt |
| 008 - FIXED-LENGTH DATA ELEMENTS--GENERAL INFORMATION | |
| fixed length control field | 250106b |||||||| |||| 00| 0 eng d |
| 041 ## - LANGUAGE CODE | |
| Language code of text/sound track or separate title | eng |
| 082 ## - DEWEY DECIMAL CLASSIFICATION NUMBER | |
| Classification number | 621.3815 |
| Item number | MIT/EL |
| 100 ## - MAIN ENTRY--AUTHOR NAME | |
| Personal name | Mithal , G K . |
| 245 ## - TITLE STATEMENT | |
| Title | Electronic devices and circuits, Vol 1 / |
| 260 ## - PUBLICATION, DISTRIBUTION, ETC. (IMPRINT) | |
| Place of publication | Delhi : |
| Name of publisher | Khanna publishers , |
| Year of publication | 1997. |
| 300 ## - PHYSICAL DESCRIPTION | |
| Number of Pages | 764 ; . |
| 942 ## - ADDED ENTRY ELEMENTS (KOHA) | |
| Koha item type | Books |
| Withdrawn status | Lost status | Damaged status | Home library | Current library | Date acquired | Full call number | Accession Number | Koha item type | Shelving location |
|---|---|---|---|---|---|---|---|---|---|
| KAUAET | KAUAET | 07/04/2012 | 621.3815 MIT/EL | 19492 | Books | ||||
| KAUAET | KAUAET | 31/08/2018 | 621.3815 MIT/EL | 19156 | Books | Scheme | |||
| KAUAET | KAUAET | 31/08/2018 | 621.3815 MIT/EL | 19157 | Books | Scheme | |||
| KAUAET | KAUAET | 31/08/2018 | 621.3815 MIT/EL | 19155 | Books | Scheme |
